000 00651cam a22002531 4500
001 ne 68001967
003 DLC
005 20260227111842.0
008 881024q1958 xx 000 0 per
010 _ane 68001967
035 _a(OCoLC)23567303
040 _aDLC
_cMiU
_dDLC
042 _apremarc
050 0 0 _aHN40.M6
_bF5
100 1 _aFikrī, Alī.
240 0 0 _aAmsād al-iytimā iyah wa-ilayuha.
_lPersian.
245 1 0 _aKitāb-i dard va darmān.
260 _c[1958] 1336
300 _a11, 483 p.
_c26 cm.
500 _aRomanized.
650 0 _aIslam and social problems
650 0 _aSocial problems
740 0 _aDard va darmān.
999 _c50405
_d50405